00691nam a2200241 a 4500001001300000003000900013005001700022008004100039020001000080082001500090100002600105245005900131260003700190300000900227500003500236505001600271650001100287700002600298902000800324942000700332952009500339999001500434nice12345678IN_TiNIC20260116012102.0050524s1937 lona grp 000 0 eng  ac10000a223.2bWEA aWeatherhead, Leslie D aShepherd Remembersb a Devotional Study of 23rd Psalm. aLondonbHodder & Stoughtonc1937 a224p aincludes index and biblioraphy2 aQuestionary aPsalms1 aWeatherhead, Leslie D bSRS cBK 00104070aHMIbHMId2007-06-19g100.00l0o223.2 WEAp7225r2007-06-19w2026-01-16yARB c5579d5579